Elementary Engineering Drawing : (Record no. 752)

000 -LEADER
fixed length control field 00882nam a2200265 a 4500
008 - FIXED-LENGTH DATA ELEMENTS--GENERAL INFORMATION
fixed length control field 191028r20062008ii a|||g |||| 001 0 eng d
020 ## - INTERNATIONAL STANDARD BOOK NUMBER
International Standard Book Number 9788185594583
Terms of availability Rs. 150.00
040 ## - CATALOGING SOURCE
Original cataloging agency IMU Kochi Library
Language of cataloging eng
041 0# - LANGUAGE CODE
Language code of text/sound track or separate title eng
044 ## - COUNTRY OF PUBLISHING/PRODUCING ENTITY CODE
MARC country code India
082 04 - DEWEY DECIMAL CLASSIFICATION NUMBER
Edition number 23
Classification number 604.2
Item number B4696
100 1# - MAIN ENTRY--PERSONAL NAME
Personal name Bhatt, N. D.
245 10 - TITLE STATEMENT
Title Elementary Engineering Drawing :
Sub Title Plane and Solid Geometry (In First Angle Projection Method) /
250 ## - EDITION STATEMENT
Edition statement 49th ed.
260 ## - PUBLICATION, DISTRIBUTION, ETC. (IMPRINT)
Place of publication, distribution, etc Gujarat :
Name of publisher, distributor, etc Charotar Publishing House Pvt Ltd,
Date of publication, distribution, etc 2006, reprinted 2008
300 ## - PHYSICAL DESCRIPTION
Extent xvi, 600 p. :
Other physical details ill. ;
Dimensions 24 cm.
504 ## - BIBLIOGRAPHY, ETC. NOTE
Bibliography, etc Index present.
650 #0 - SUBJECT ADDED ENTRY--TOPICAL TERM
Topical term or geographic name as entry element Mechanical drawing
General subdivision Engineering drawings
Form subdivision Textbooks
650 #0 - SUBJECT ADDED ENTRY--TOPICAL TERM
Topical term or geographic name as entry element Geometrical drawing
General subdivision Textbooks
650 #0 - SUBJECT ADDED ENTRY--TOPICAL TERM
Topical term or geographic name as entry element Projection
General subdivision Isometric projection
-- Orthographic projection
700 1# - ADDED ENTRY--PERSONAL NAME
Personal name Panchal, V. M.
Relator term Joint Author
852 ## - LOCATION/CALL NUMBER
Location IMU Kochi Library
904 ## - LOCAL DATA ELEMENT D, LDD (RLIN)
CATALOGER Shine Joy
942 ## - ADDED ENTRY ELEMENTS (KOHA)
Item type Books
Holdings
Withdrawn status Lost status Source of classification or shelving scheme Damaged status Not for loan Collection code Permanent location Current location Shelving location Date acquired Source of acquisition Cost, normal purchase price Full call number Barcode Date last seen Koha item type Public note
          Engineering IMU Kochi Library IMU Kochi Library General Stacks 2010-10-26 M/S Educational Publishers & Distributors (Inv. No. IN117 Dt 2010-10-26) 150.00 604.2 B4696 BK000131 2019-10-28 Books Gen. Shelf-11, Row-1
          Engineering IMU Kochi Library IMU Kochi Library General Stacks 2010-10-26 M/S Educational Publishers & Distributors (Inv. No. IN117 Dt 2010-10-26) 150.00 604.2 B4696 BK000132 2019-10-28 Books Gen. Shelf-11, Row-1
          Engineering IMU Kochi Library IMU Kochi Library General Stacks 2010-09-16 M/S Kamath Book House (Inv. No. 57 Dt 2010-09-16) 150.00 604.2 B4696 BK000083 2019-10-28 Books Gen. Shelf-11, Row-1
          Engineering IMU Kochi Library IMU Kochi Library General Stacks 2010-09-16 M/S Kamath Book House (Inv. No. 57 Dt 2010-09-16) 150.00 604.2 B4696 BK000084 2019-10-28 Books Gen. Shelf-11, Row-1
          Engineering IMU Kochi Library IMU Kochi Library General Stacks 2010-09-16 M/S Kamath Book House (Inv. No. 57 Dt 2010-09-16) 150.00 604.2 B4696 BK000085 2019-10-28 Books Gen. Shelf-11, Row-1
          Engineering IMU Kochi Library IMU Kochi Library General Stacks 2010-09-16 M/S Kamath Book House (Inv. No. 57 Dt 2010-09-16) 150.00 604.2 B4696 BK000086 2019-10-28 Books Gen. Shelf-11, Row-1


Copyright © All Rights Reserved by Indian Maritime University, Kochi Campus.
For any Suggestions/Query Contact to library or Email: library.kochi@imu.ac.in Ph:(0484)-2989402
(Web OPAC Designed by Rudra Ranjan. Maintained by IMU Kochi Library)

Powered by Koha